Normal view
MARC view
- RAHEEL ,ANAS,AHMED ZIA
Entry Personal Name
001 - CONTROL NUMBER
- control field: 72347
003 - CONTROL NUMBER IDENTIFIER
- control field: NUST
005 - DATE AND TIME OF LATEST TRANSACTION
- control field: 20210628204800.0
008 - FIXED-LENGTH DATA ELEMENTS
- fixed length control field: 210628|| aca||aabn | a|a d
040 ## - CATALOGING SOURCE
- Original cataloging agency: NUST
- Transcribing agency: NUST
100 ## - HEADING--PERSONAL NAME
- Personal name: RAHEEL ,ANAS,AHMED ZIA
670 ## - SOURCE DATA FOUND
- Source citation: Work cat.: (NUST): RAHEEL ,ANAS,AHMED ZIA,, PR-SOF-1038-DESIGN OF MORPHING WING MICRO AIR, 2010
